All Pokéballs in Pokemon Main Series games - Statistics

General Stats
  • This quiz has been taken 533 times
  • The average score is 20 of 27
Answer Stats
Description Answer % Correct
It has a simple red and white design, and it's the most known kind of _____. PokéBall
100%
It is twice as good as a regular PokéBall. Ultra ball
98%
It is slightly better than the regular PokéBall. Great ball
97%
A very rare PokéBall that never fails in an attempt to catch a Pokémon. Master ball
96%
A kind of PokéBall that works better the sooner it is used in battle. Quick ball
87%
A regular PokéBall that heals a Pokémon as soon as it is caught. Heal ball
86%
A PokéBall that works better with Bug and Water-type Pokémon. Net ball
86%
It can used only in the Safari Zone, in which regular wild Pokémon battles can't be made, so the process of catching is more difficult. Safari ball
85%
A ball whose catch rate increases as the weight of the targeted Pokémon does. Heavy ball
84%
A ball that works better in dark places or at night. Dusk ball
82%
They act the same way as a regular PokéBall but has a completely white design and is given as a gift when ten or more PokéBalls are bought at once. Premier ball
79%
A type of ball that works better as more time passes since an encounter with a wild Pokémon. Timer ball
79%
A type of ball that works better with Pokémon found underwater. Dive ball
78%
A ball that works better if the trainer's Pokémon and the wild Pokémon have opposite genders. Love ball
78%
A type of PokéBall that works better when trying to catch Ultra Beasts. However, they are awful at catching regular Pokémon. Beast ball
77%
The potential of this ball increases if the Pokémon attempted to catch can evolve by a Moon Stone. Moon ball
76%
It has the same chance to catch as a regular PokéBall but makes the Pokémon more friendly to the trainer as soon as it is caught. Friend ball
74%
A ball that works better if the trainer has registered the Pokémon already in his or her PokéDex. Repeat ball
72%
A PokéBall that makes the Pokémon caught more friendly. Luxury ball
68%
A type of ball whose catch rate becomes better according to how much difference there is between the trainer's Pokémon's level and the wild Pokémon's. Level ball
65%
A type of PokéBall that can only be obtained when in an encounter with a Pokémon caught through the Dream World. Dream ball
63%
A kind of ball that becomes better if the level of the targeted Pokémon is lower. Nest ball
61%
A ball that works better with Pokémon found by fishing. Lure ball
47%
A type of ball inaccessible by anyone, and from an unknown origin. Event Pokémon are given in _______ since Generation IV. Cherish ball
42%
A kind of PokéBall that works better with Pokémon that like to flee from trainers. It is normally associated with Raikou, Entei and Suicune. Fast ball
39%
A type of Poké Ball to be used only in the Bug Catching Contest in Johto. The are also used in the Pal Park in Sinnoh. Park ball
38%
A ball that is only used to capture Pokémon during a Bug-Catching Contest. Sport ball
21%
No matching quizzes found
Score Distribution
Percent of People with Each Score
Percentile by Number Answered
Your Score History
You have not taken this quiz